000 00580nam a2200193Ia 4500
005 20250508163414.0
008 008 250505s9999 xx 000 0 eng d
037 _aDissertations
040 _aFEDL
_beng
_cFEDL
041 _aeng
_2eng
084 _a375.42, NAR/DI
_qFEDL
100 _aNarrainsawmy Sivapragassen
_9771829
245 0 _aCritical study of the curricular position of english in mauritius
260 _c1979
300 _a65p.
546 _aM. Ed. Dissertation (Delhi University)
942 _cDIS
_h375.42, NAR/DI
999 _c1382879
_d1382879